ბათუმის შოთა რუსთაველის სახელმწიფო უნივერსიტეტის ბიბლიოთეკა

Словарь наиболее употребительных слов английского, немецкого и французского языков / (ბიბ.ჩანაწერი № 53048)

000 -LEADER
fixed length control field 00926nam a2200193Ia 4500
001 - CONTROL NUMBER
control field 20085
003 - CONTROL NUMBER IDENTIFIER
control field GE_BSU
005 - DATE AND TIME OF LATEST TRANSACTION
control field 20250515111723.0
008 - FIXED-LENGTH DATA ELEMENTS--GENERAL INFORMATION
fixed length control field 181216s1960||||ru |||||||||||||| ||rus||
040 ## - CATALOGING SOURCE
Transcribing agency GE_BSU
041 ## - LANGUAGE CODE
Language code of text/sound track or separate title rus
080 ## - UNIVERSAL DECIMAL CLASSIFICATION NUMBER
Universal Decimal Classification number 81'374.822=111=122.2=113.1 С-48
245 ## - TITLE STATEMENT
Title Словарь наиболее употребительных слов английского, немецкого и французского языков /
Statement of responsibility, etc. Под общ. ред. И. В. Рахманова ; Составители : B. Аракин, З. Любимова и др.
264 ## - PRODUCTION, PUBLICATION, DISTRIBUTION, MANUFACTURE, AND COPYRIGHT NOTICE
Place of production, publication, distribution, manufacture Москва :
Name of producer, publisher, distributor, manufacturer гос. изд. иностр. и национ. словарей,
Date of production, publication, distribution, manufacture, or copyright notice 1960.
300 ## - PHYSICAL DESCRIPTION
Extent 582 ст. ;
Dimensions 21см.
653 ## - INDEX TERM--UNCONTROLLED
keyword Словарь наиболее употребительных слов английского, немецкого и французского языков
942 ## - ADDED ENTRY ELEMENTS (KOHA)
Koha item type წიგნი
Source of classification or shelving scheme
ეგზემპლარები
Withdrawn status Lost status Source of classification or shelving scheme Damaged status Not for loan Permanent Location Current Location Shelving location Date acquired Cost, normal purchase price Full call number Barcode Date last seen Copy number Price effective from Koha item type Public note
          ბათუმის შოთა რუსთაველის სახელმწიფო უნივერსიტეტის მთავარი ბიბლიოთეკა ბათუმის შოთა რუსთაველის სახელმწიფო უნივერსიტეტის მთავარი ბიბლიოთეკა წიგნსაცავი 2018-12-17 4.00 81'374.822=111=122.2=113.1 С-48 27917 2018-12-17 27917 2018-12-17 წიგნი 4.00 ₾.